| 000 | 00870nam a2200253 i 4500 | ||
|---|---|---|---|
| 001 | 60124 | ||
| 003 | ES-MaACL | ||
| 005 | 20230906164147.0 | ||
| 007 | t| | ||
| 008 | 031103s1977 sp ||||1| spa d | ||
| 100 | 1 |
_aEscobar, Cristóbal de. _947546 |
|
| 245 | 1 | 0 |
_aEsta es una introducción muy breve de canto llano / _cCristóbal de Escobar. |
| 250 | _aEd. facs. | ||
| 260 |
_aMadrid : _bJoyas Bibliográficas, _c1977. |
||
| 300 |
_a7 h. ; _c24 cm. |
||
| 490 | 1 |
_aViejos libros de música ; _v12 |
|
| 500 | _aReprod. facs. del ejemplar de la Staatsbibliothek Preussacher Kukturbesits de Berlín. | ||
| 650 | 4 |
_aCanto gregoriano- _vObras anteriores a 1800. _9164647 |
|
| 655 | 7 |
_2tgfbne _9226495 _aFacsímiles |
|
| 830 | 0 |
_aViejos libros de música ; _v12 _9182867 |
|
| 852 |
_aES-MaACL _j2109-F-8 _bR.97269 |
||
| 942 | _2udc | ||
| 999 |
_c60124 _d60124 |
||